LEADER 04438nam 2200721 a 450 001 9910456592203321 005 20210518030356.0 010 $a1-283-39950-4 010 $a9786613399502 010 $a3-11-023827-6 024 7 $a10.1515/9783110238273 035 $a(CKB)2550000000041645 035 $a(EBL)736991 035 $a(OCoLC)743693607 035 $a(SSID)ssj0000530357 035 $a(PQKBManifestationID)12214233 035 $a(PQKBTitleCode)TC0000530357 035 $a(PQKBWorkID)10567725 035 $a(PQKB)11447255 035 $a(MiAaPQ)EBC736991 035 $a(DE-B1597)122531 035 $a(OCoLC)753968364 035 $a(OCoLC)840441963 035 $a(DE-B1597)9783110238273 035 $a(PPN)158151593 035 $a(Au-PeEL)EBL736991 035 $a(CaPaEBR)ebr10485462 035 $a(CaONFJC)MIL339950 035 $a(EXLCZ)992550000000041645 100 $a20110427d2011 uy 0 101 0 $aeng 135 $aurun#---|uu|u 181 $ctxt 182 $cc 183 $acr 200 12$aA grammar of Vaeakau-Taumako$b[electronic resource] /$fby A?shild Næss and Even Hovdhaugen 210 $aBerlin ;$aNew York $cDe Gruyter Mouton$d2011 215 $a1 online resource (540 p.) 225 1 $aMouton grammar library,$x0933-7636 ;$v52 300 $aDescription based upon print version of record. 311 0 $a3-11-023826-8 320 $aIncludes bibliographical references and index. 327 $tFront matter --$tPreface --$tTable of contents --$tAbbreviations --$tChapter 1 Introduction --$tChapter 2 Phonology --$tChapter 3 Word classes --$tChapter 4 Reduplication --$tChapter 5 Deictics --$tChapter 6 Nominal morphology --$tChapter 7 Noun phrase structure --$tChapter 8 Verbal morphology --$tChapter 9 Verb phrase structure --$tChapter 10 Prepositions --$tChapter 11 Modifiers --$tChapter 12 Tense, aspect, and mood --$tChapter 13 Simple clauses --$tChapter 14 Complex clauses --$tChapter 15 Serial verbs and related constructions --$tChapter 16 Negation and questions --$tChapter 17 Coordination and conjunctions --$tChapter 18 Discourse organization --$tAppendix 1 Texts --$tAppendix 2 List of grammatical morphemes --$tReferences --$tIndex 330 $aVaeakau-Taumako, also known as Pileni, is a Polynesian Outlier language spoken in the Reef and Duff Islands in the Solomon Islands' Temotu Province. This is an area of great linguistic diversity and long-standing language contact which has had far-reaching effects on the linguistic situation. Historically, speakers of Vaeakau-Taumako were shipbuilders and navigators who made trade voyages throughout the area, bringing them into constant contact with speakers of the Reefs-Santa Cruz, Utupua and Vanikoro languages. The latter languages are only distantly related to Vaeakau-Taumako, making up an only recently identified first-order subgroup of Oceanic. Polynesian speakers first arrived in the area some 700-1000 years ago from the core Polynesian areas to the east. While today most intra-group communication takes place in Solomon Islands Pijin, traditionally the situation was one of extensive multilingualism, and this has left profound traces in the grammar of Vaeakau-Taumako, which shows a number of structural properties not known from other Polynesian languages. A Grammar of Vaeakau-Taumako is the most comprehensive grammar of any Polynesian Outlier to date, and the first full-length grammar of any language of Temotu Province. Based on extensive fieldwork, it is structured as a reference grammar dealing with all aspects of language structure, from phonology to discourse organization, and including a selection of glossed texts. It will be of interest to typologists, Oceanic linguists, and researchers interested in language contact. ? 410 0$aMouton grammar library ;$v52. 606 $aPileni language 606 $aPileni language$xGrammar 606 $aPolynesian languages 607 $aSolomon Islands$xLanguages 608 $aElectronic books. 615 0$aPileni language. 615 0$aPileni language$xGrammar. 615 0$aPolynesian languages. 676 $a499/.46 700 $aNæss$b A?shild$0939392 701 $aHovdhaugen$b Even$0164484 801 0$bMiAaPQ 801 1$bMiAaPQ 801 2$bMiAaPQ 906 $aBOOK 912 $a9910456592203321 996 $aA grammar of Vaeakau-Taumako$92463046 997 $aUNINA LEADER 03588nam 22006015 450 001 996565569703316 005 20231209095929.0 010 $a3-8394-6742-X 024 7 $a10.1515/9783839467428 035 $a(CKB)29269940200041 035 $a(DE-B1597)650801 035 $a(DE-B1597)9783839467428 035 $a(EXLCZ)9929269940200041 100 $a20231209h20232023 fg 101 0 $ager 135 $aur||||||||||| 181 $ctxt$2rdacontent 182 $cc$2rdamedia 183 $acr$2rdacarrier 200 00$aKonflikte um Infrastrukturen $eÖffentliche Debatten und politische Konzepte /$fhrsg. von Melanie Nagel, Matthias Möhring-Hesse, Andrea Futterer, Johanna Betz, Hans-Jürgen Bieling 210 1$aBielefeld : $ctranscript Verlag, $d[2023] 210 4$d2023 215 $a1 online resource (230 p.) 225 0 $aEdition Politik ;$v154 327 $tFrontmatter -- $tInhalt -- $tVorwort -- $tEinleitung: Infrastrukturkonflikte -- $tI Politisierung -- $tDiskursive Resonanzen auf die Rückkehr der Wohnungsfrage -- $tAuf dem Weg zu einer kommunalen Gewährleistungsverantwortung für die ambulante medizinische Versorgung -- $tDivergierende Interessen -- $tII Transformation und (strategische) Innovation -- $tStaatliche Strategien gegen Wohnungsnot -- $tDie voraussetzungsvolle lokale Bekämpfung des ?Landarztmangels? -- $tAllianzen und Strategien für saubere Luft in den Städten -- $tIII Perspektiven staatlicher Gewährleistung -- $tDoppelt benachteiligt? -- $tInfrastrukturen für ?Gemeinwohl-relevante öffentliche Güter? -- $tAnhang -- $tAutor:innenverzeichnis 330 $aDie Gesellschaft ist in eine Phase zugespitzter Infrastrukturkonflikte eingetreten. Die Beiträger*innen erörtern aus politökonomischer und diskursanalytischer Perspektive, was diese Konflikte in den Bereichen Wohnen, Gesundheitsversorgung und saubere Luft kennzeichnet und wie der Staat auf sie reagiert. Im Mittelpunkt steht die Frage, mit welchen Herausforderungen, Perspektiven und Konflikten derzeit bei der Versorgung mit öffentlichen Gütern gerungen wird und welche Rolle schwache Interessen in diesen Aushandlungsprozessen spielen. Es wird deutlich: Die öffentliche Kritik der Unter- und Fehlversorgung adressiert jeweils den Staat, der diese Kritik oft zurückweist, mitunter aber auch auf kommunaler Ebene aufnimmt. 606 $aPOLITICAL SCIENCE / Civics & Citizenship$2bisacsh 610 $aAir Pollution Control. 610 $aCivil Society. 610 $aHabitation. 610 $aHealthcare. 610 $aIn the Public Interest. 610 $aMissing Supply. 610 $aPolitical Science. 610 $aPolitical Sociology. 610 $aPolitics. 610 $aPublic Goods. 610 $aState. 610 $aUndersupply. 610 $aWeak Interests. 615 7$aPOLITICAL SCIENCE / Civics & Citizenship. 702 $aBetz$b Johanna, $4edt$4http://id.loc.gov/vocabulary/relators/edt 702 $aBieling$b Hans-Jürgen, $4edt$4http://id.loc.gov/vocabulary/relators/edt 702 $aFutterer$b Andrea, $4edt$4http://id.loc.gov/vocabulary/relators/edt 702 $aMöhring-Hesse$b Matthias, $4edt$4http://id.loc.gov/vocabulary/relators/edt 702 $aNagel$b Melanie, $4edt$4http://id.loc.gov/vocabulary/relators/edt 712 02$atranscript: Open Library 2023 (Politik)$4fnd$4http://id.loc.gov/vocabulary/relators/fnd 801 0$bDE-B1597 801 1$bDE-B1597 906 $aBOOK 912 $a996565569703316 996 $aKonflikte um Infrastrukturen$93602688 997 $aUNISA